| 000 | 00454nam a2200169Ia 4500 | ||
|---|---|---|---|
| 003 | GCL | ||
| 008 | 140319s9999 xx 000 0 ara d | ||
| 040 |
_aGCL / _cGCL |
||
| 082 | 0 | 4 |
_a191 _bز ف |
| 100 | 1 | _aزكى نجيب محمود | |
| 245 | 1 | 0 |
_aفى حيتنا العقلية / _cزكى نجيب محمود |
| 300 | _a218 ص | ||
| 490 | _a | ||
| 650 | 0 | 4 | _aالفلسفة العقلية |
| 650 | 0 | 4 | _aالماركسية - فكر |
| 942 |
_2ddc _cBK |
||
| 999 |
_c38614 _d38614 |
||